| 000 | 02674cam a22003014a 4500 | ||
|---|---|---|---|
| 001 | 13237185 | ||
| 005 | 20221228135550.0 | ||
| 008 | 030613s2003 enka b 001 0 eng | ||
| 010 | _a 2003013377 | ||
| 020 | _a0745321925 (hbk.) | ||
| 020 | _a0745321917 (pbk.) | ||
| 040 |
_aDLC _cDLC _dDLC |
||
| 042 | _apcc | ||
| 050 | 0 | 0 |
_aU21.2 _b.H545 2003 |
| 082 | 0 | 0 |
_a355.02,HIN _221 |
| 100 | 1 |
_aHinde, Robert A. _9106229 |
|
| 245 | 1 | 0 |
_aWar no more : _beliminating conflict in the nuclear age / _cRobert Hinde and Joseph Rotblat ; foreword by Robert S. McNamara. |
| 260 |
_aLondon ; _aSterling, VA : _bPluto Press, _c2003. |
||
| 300 |
_ax, 228 p. : _bill. ; _c23 cm. |
||
| 505 | _aIntroduction (Page-1), Of War and Its Weapons (Page-9), The Diversity of Wars (Page-14), The Nuclear Peril (Page-14), The Risk of a Nuclear War (Page-17), The Destructive Power of Nuclear WeaponsThe Nuclear Arms Race (Page-22), Other Weapons of Mass Destruction (Page-30), Chemical Warfare (Page-30), Biological Warfare (Page-33), Radiological Warfare (Dirty Bombs) (Page-35), Information Technology Warfare (Page-37), 'Conventional' Weapons (Page-39), What Makes War More Likely? Causes of War and the Role of Weapons (Page-47), Causes of War (Page-47), The Role of Weapons (Page-49), The Political System and its Leaders (Page-52), The Institution of Nation-States (Page-52), Totalitarianism Versus Democracy (Page-55), The Role of Political Leaders (Page-56), Clandestine Political Action (Page-61), Autonomy of Groups Within States (Page-61), Terrorism (Page-65), Culture and Tradition (Page-68), Cultural Factors Related to Violence (Page-68), Ethnicity (Page-70), Religion (Page-75), Other Ideological Issues (Page-79), Retribution (Page-80), Resources: Territory and the Environment (Page-83), Resources, Territory and Influence (Page-83), Environmental Resources (Page-86), Economic Factors: Globalization and Poverty (Page-89), War and Human Nature (Page-89), Aggression and Aggressiveness (Page-94), War as an Institution (Page-107), The Role of Scientists (Page-118), What Should Be Done to Eliminate War? (Page-101), Education for Peace and Socialization (Page-171), Epologue: Eliminating conflict in the Nuclear age (Page-211). | ||
| 650 | 0 | _aWar. | |
| 650 | 0 |
_aWar _xPrevention. _9106230 |
|
| 700 | 1 |
_aRotblat, Joseph, _d1908-2005. _9106231 |
|
| 856 | 4 | 1 |
_3Table of contents _uhttp://www.loc.gov/catdir/toc/ecip045/2003013377.html |
| 906 |
_a7 _bcbc _corignew _d1 _eecip _f20 _gy-gencatlg |
||
| 942 |
_2ddc _cBK _k355.02,HIN |
||
| 999 |
_c592836 _d592836 |
||